[Event "Pinneberg-ch"]
[Site "Pinneberg"]
[Date "2016.10.13"]
[Round "7"]
[White "Hitzker, Johann"]
[Black "Hadlich, Winfried"]
[Result "0-1"]
[WhiteElo "1374"]
[BlackElo "1682"]
[PlyCount "84"]
[EventDate "2016.09.01"]
[EventType "swiss"]
[EventRounds "7"]
[EventCountry "GER"]
[SourceTitle "EXT 2018"]
[Source "ChessBase"]
[SourceDate "2017.10.13"]
[SourceVersion "1"]
[SourceVersionDate "2017.10.13"]
[SourceQuality "1"]

1. e4 c5 2. Nf3 Nc6 3. d4 cxd4 4. Nxd4 d6 5. Bb5 Bd7 6. 0-0 Nf6 7. Nc3 Ne5 8. Bxd7+ Nexd7 9. Be3 a6 10. h3 g6 11. Nce2 Nxe4 12. f3 Nef6 13. Qd2 Ne5 14. Ng3 Nc4 15. Qc1 Nxe3 16. Qxe3 Qb6 17. Ndf5 Qxe3+ 18. Nxe3 Bh6 19. Kf2 Rc8 20. c3 Bg5 21. Ke2 Bf4 22. Nh1 Nh5 23. Nd5 Bh6 24. g4 Nf4+ 25. Nxf4 Bxf4 26. Nf2 Be5 27. Nd3 Bg7 28. Rac1 Rc7 29. c4 Bd4 30. b3 h5 31. Nb4 hxg4 32. Rcd1 gxf3+ 33. Rxf3 Be5 34. Rdf1 e6 35. Nd3 Rh5 36. Ke3 f5 37. Rd1 Rch7 38. Rh1 Rh4 39. Nf4 Bxf4+ 40. Rxf4 Rxh3+ 41. Rxh3 Rxh3+ 42. Kd4 e5+ 0-1

[Event "Pinneberg-ch"]
[Site "Pinneberg"]
[Date "2016.09.22"]
[Round "4"]
[White "Olschok, Juergen"]
[Black "Hitzker, Johann"]
[Result "0-1"]
[WhiteElo "1690"]
[BlackElo "1374"]
[PlyCount "131"]
[EventDate "2016.09.01"]
[EventType "swiss"]
[EventRounds "7"]
[EventCountry "GER"]
[SourceTitle "EXT 2018"]
[Source "ChessBase"]
[SourceDate "2017.10.13"]
[SourceVersion "1"]
[SourceVersionDate "2017.10.13"]
[SourceQuality "1"]

1. e4 c5 2. Nc3 Nc6 3. f4 e6 4. Nf3 a6 5. a4 Nd4 6. Nxd4 cxd4 7. Ne2 Bc5 8. d3 Ne7 9. Ng3 d6 10. Be2 0-0 11. 0-0 f5 12. exf5 Nxf5 13. Nxf5 exf5 14. Bf3 d5 15. Qe2 Re8 16. Bxd5+ Kh8 17. Qf3 Ra7 18. Bd2 Qb6 19. Rae1 Re7 20. Rxe7 Bxe7 21. Re1 Qd8 22. Qe2 b6 23. Bb3 a5 24. Be6 Qf8 25. c3 Bxe6 26. Qxe6 Bc5 27. Kf1 Re7 28. Qd5 Rxe1+ 29. Bxe1 dxc3 30. bxc3 g6 31. Bf2 Bxf2 32. Kxf2 Kg7 33. Qb7+ Kh6 34. Qxb6 Qe7 35. Qxa5 Qh4+ 36. Ke3 Qxh2 37. Qd5 Qg1+ 38. Ke2 Qa1 39. Qb3 Qg1 40. Qd5 Qa1 41. Qd4 Qb2+ 42. Kf3 Qb7+ 43. Kg3 Qb1 44. Kh2 Qe1 45. Qe5 Qd1 46. Qe3 Qxa4 47. d4 Qc4 48. Qd2 Qd5 49. Qd3 Qd8 50. c4 Qc7 51. g3 Qa5 52. Qc2 Qa1 53. d5 Qd4 54. Qe2 Qc5 55. Qd3 Qf2+ 56. Kh1 Qe1+ 57. Kg2 Qa5 58. d6 Qa8+ 59. Qd5 Qa2+ 60. Kh3 Qb1 61. d7 Qf1+ 62. Kh2 Qe2+ 63. Qg2 Qd3 64. Qd5 Qe2+ 65. Kg1 Qe1+ 66. Kg2 0-1

[Event "Pinneberg-ch"]
[Site "Pinneberg"]
[Date "2015.08.28"]
[Round "1"]
[White "Hadlich, Winfried"]
[Black "Hitzker, Johann"]
[Result "1/2-1/2"]
[WhiteElo "1726"]
[BlackElo "1325"]
[PlyCount "44"]
[EventDate "2015.08.28"]
[EventType "swiss"]
[EventRounds "7"]
[EventCountry "GER"]
[SourceTitle "EXT 2017"]
[Source "ChessBase"]
[SourceDate "2016.10.25"]
[SourceVersion "1"]
[SourceVersionDate "2016.10.25"]
[SourceQuality "1"]

1. d4 d5 2. Nf3 Nf6 3. Bf4 Bf5 4. e3 e6 5. Bd3 Bxd3 6. Qxd3 Bd6 7. Bg5 Be7 8. Nbd2 Nbd7 9. c3 0-0 10. e4 dxe4 11. Nxe4 Nxe4 12. Bxe7 Nxf2 13. Kxf2 Qxe7 14. Rae1 Rfe8 15. h4 Nf8 16. Ne5 Rad8 17. Qe3 Ng6 18. Nf3 b6 19. h5 Nf8 20. Rh3 c5 21. dxc5 Qxc5 22. Qxc5 bxc5 1/2-1/2

[Event "Pinneberg op Seniors 16th"]
[Site "Pinneberg"]
[Date "2015.08.13"]
[Round "7"]
[White "Hitzker, Johann"]
[Black "Falk, Rolf"]
[Result "0-1"]
[WhiteElo "1392"]
[BlackElo "1180"]
[PlyCount "50"]
[EventDate "2015.07.02"]
[EventType "swiss"]
[EventRounds "7"]
[EventCountry "GER"]
[SourceTitle "EXT 2017"]
[Source "ChessBase"]
[SourceDate "2016.10.25"]
[SourceVersion "1"]
[SourceVersionDate "2016.10.25"]
[SourceQuality "1"]

1. e4 e6 2. Nf3 Nf6 3. Nc3 d5 4. e5 Nfd7 5. d4 a6 6. Bd3 Be7 7. 0-0 c5 8. Be2 c4 9. b3 b5 10. a3 0-0 11. Ne1 f6 12. f4 fxe5 13. fxe5 Rxf1+ 14. Kxf1 Nc6 15. Nf3 Bb7 16. Bd2 Qf8 17. Kg1 Qf7 18. Be3 Nf8 19. b4 Ng6 20. Qd2 Rf8 21. Rf1 Nf4 22. Ne1 Bg5 23. Bg4 Nh3+ 24. Kh1 Qxf1+ 25. Bg1 Qxg1# 0-1

[Event "Pinneberg op Seniors 15th"]
[Site "Pinneberg"]
[Date "2014.??.??"]
[Round "4"]
[White "Falk, Rolf"]
[Black "Hitzker, Johann"]
[Result "0-1"]
[WhiteElo "1260"]
[BlackElo "1419"]
[PlyCount "142"]
[EventDate "2014.07.03"]
[EventType "swiss"]
[EventRounds "7"]
[EventCountry "GER"]
[SourceTitle "EXT 2017"]
[Source "ChessBase"]
[SourceDate "2016.10.25"]
[SourceVersion "1"]
[SourceVersionDate "2016.10.25"]
[SourceQuality "1"]

1. d4 d5 2. Nf3 Nc6 3. c3 Bf5 4. Nbd2 h6 5. e3 e6 6. Be2 Nf6 7. Ne5 a6 8. 0-0 Nd7 9. f4 Qe7 10. Nxc6 bxc6 11. Qe1 Nf6 12. Nf3 Ne4 13. Ne5 Qd6 14. g4 Bh7 15. f5 exf5 16. gxf5 Be7 17. Bg4 0-0 18. Bd2 g6 19. Qe2 f6 20. fxg6 fxe5 21. gxh7+ Kh8 22. Bf5 Rxf5 23. Rxf5 Qg6+ 24. Kh1 Qxf5 25. Rf1 Qxh7 26. Be1 Bf6 27. Bg3 Nxg3+ 28. hxg3 Qe4+ 29. Qf3 Qxf3+ 30. Rxf3 Kg7 31. Rf2 Rf8 32. Kg2 exd4 33. exd4 Be7 34. Rxf8 Bxf8 35. Kf3 Kg6 36. g4 c5 37. b3 a5 38. dxc5 Bxc5 39. a4 Kg5 40. Kg3 Bd6+ 41. Kf3 Be5 42. c4 dxc4 43. bxc4 c5 44. Ke4 Bd6 45. Kf3 Bc7 46. Ke4 Kxg4 47. Kd5 Bf4 48. Kxc5 Bd2 49. Kb5 Kf5 50. c5 Ke6 51. Kb6 Kd7 52. Kb7 Kd8 53. c6 Bf4 54. Kb6 Bc7+ 55. Kc5 h5 56. Kd4 h4 57. Ke4 h3 58. Kf3 Bd6 59. Kf2 Kc7 60. Kg1 Kxc6 61. Kh1 Kc5 62. Kg1 Kb4 63. Kh1 Kxa4 64. Kg1 Kb3 65. Kh1 a4 66. Kg1 a3 67. Kh1 a2 68. Kg1 a1Q+ 69. Kf2 Qf6+ 70. Ke2 h2 71. Kd3 h1Q 0-1

[Event "Pinneberg op Seniors 15th"]
[Site "Pinneberg"]
[Date "2014.??.??"]
[Round "6"]
[White "Hitzker, Johann"]
[Black "Hotze, Kurt"]
[Result "0-1"]
[WhiteElo "1419"]
[BlackElo "1571"]
[PlyCount "50"]
[EventDate "2014.07.03"]
[EventType "swiss"]
[EventRounds "7"]
[EventCountry "GER"]
[SourceTitle "EXT 2017"]
[Source "ChessBase"]
[SourceDate "2016.10.25"]
[SourceVersion "1"]
[SourceVersionDate "2016.10.25"]
[SourceQuality "1"]

1. e4 e5 2. f4 d5 3. exd5 e4 4. d4 exd3 5. Bxd3 Nf6 6. Nf3 Nxd5 7. 0-0 Bc5+ 8. Kh1 Nc6 9. c4 Nf6 10. Nc3 Bg4 11. Re1+ Be7 12. h3 Bxf3 13. Qxf3 0-0 14. Ne2 Re8 15. b3 Bc5 16. Bb2 Re3 17. Bxf6 Qxf6 18. Qh5 Rxd3 19. Qxc5 Rad8 20. Ng1 h6 21. Rf1 Qb2 22. Qf2 Rd2 23. Qh4 Rxg2 24. Nf3 Rg6 25. Ne5 Qg2# 0-1

[Event "Pinneberg op Seniors 15th"]
[Site "Pinneberg"]
[Date "2014.??.??"]
[Round "3"]
[White "Hitzker, Johann"]
[Black "Meyer, Winfried"]
[Result "0-1"]
[WhiteElo "1419"]
[BlackElo "1570"]
[PlyCount "98"]
[EventDate "2014.07.03"]
[EventType "swiss"]
[EventRounds "7"]
[EventCountry "GER"]
[SourceTitle "EXT 2017"]
[Source "ChessBase"]
[SourceDate "2016.10.25"]
[SourceVersion "1"]
[SourceVersionDate "2016.10.25"]
[SourceQuality "1"]

1. e4 c5 2. Nc3 Nc6 3. Nf3 d6 4. d4 cxd4 5. Nxd4 Nf6 6. Nxc6 bxc6 7. Bd3 g6 8. 0-0 Bg7 9. f3 Qb6+ 10. Kh1 Ba6 11. Qe2 Bxd3 12. cxd3 0-0 13. Be3 Qb7 14. Rab1 a5 15. b3 Nd7 16. Qd2 Rfc8 17. d4 d5 18. e5 c5 19. Ne2 cxd4 20. e6 dxe3 21. exf7+ Kxf7 22. Qxe3 Qb6 23. Qg5 e6 24. h4 Qd8 25. Qg4 Qf6 26. f4 Rc2 27. g3 Qf5 28. Qf3 Qe4 29. Ng1 Rac8 30. f5 exf5 31. g4 R8c3 32. Qxe4 dxe4 33. gxf5 Be5 34. fxg6+ Kxg6 35. h5+ Kh6 36. Nf3 Rxf3 37. Rbd1 Rh3+ 38. Kg1 Bh2+ 39. Kh1 Bf4+ 40. Kg1 Be3+ 41. Rf2 Bxf2+ 42. Kg2 Rg3+ 43. Kh1 Rg1+ 44. Rxg1 Bxg1 45. Kxg1 Ne5 46. b4 Nf3+ 47. Kf1 axb4 48. a3 b3 49. a4 b2 0-1

[Event "Pinneberg op Seniors 15th"]
[Site "Pinneberg"]
[Date "2014.??.??"]
[Round "2"]
[White "Hitzker, Johann"]
[Black "Warneke, Perygrin"]
[Result "1-0"]
[WhiteElo "1419"]
[BlackElo "1236"]
[PlyCount "117"]
[EventDate "2014.07.03"]
[EventType "swiss"]
[EventRounds "7"]
[EventCountry "GER"]
[SourceTitle "EXT 2017"]
[Source "ChessBase"]
[SourceDate "2016.10.25"]
[SourceVersion "1"]
[SourceVersionDate "2016.10.25"]
[SourceQuality "1"]

1. e4 e6 2. Nf3 d5 3. e5 c5 4. d4 Nc6 5. c3 Qb6 6. Na3 cxd4 7. cxd4 Bb4+ 8. Bd2 a6 9. Nc2 Bxd2+ 10. Qxd2 Qxb2 11. Bd3 Nge7 12. 0-0 Qb6 13. Rab1 Qd8 14. Qf4 0-0 15. Ng5 Ng6 16. Qg3 h6 17. Nf3 Nce7 18. Nh4 Rb8 19. f4 Nf5 20. Bxf5 exf5 21. Rfd1 Be6 22. Ne3 Ne7 23. Rd2 b5 24. Rdb2 Qb6 25. Rd1 Rbc8 26. Qe1 Rc7 27. a4 Rfc8 28. a5 Qa7 29. Rb3 Rc6 30. Qb4 Rc1 31. Rbd3 g5 32. Nf3 gxf4 33. Nf1 Rxd1 34. Rxd1 Rc4 35. Qe1 Nc6 36. Qh4 Nxd4 37. Kh1 Nxf3 38. gxf3 Kh7 39. Nd2 Qd4 40. Qf6 Qf2 41. Rg1 Qxg1+ 42. Kxg1 Rc1+ 43. Kf2 Rc2 44. Ke2 b4 45. Kd1 Ra2 46. Qd8 Ra3 47. Qb6 b3 48. Nxb3 Ra2 49. Nc5 Rxh2 50. Nxe6 fxe6 51. Qxe6 Rg2 52. Qxf5+ Kg7 53. Qxf4 Ra2 54. e6 Ra1+ 55. Kc2 Ra2+ 56. Kb3 Re2 57. Qf7+ Kh8 58. e7 Re3+ 59. Kb4 1-0

[Event "Pinneberg-ch"]
[Site "Pinneberg"]
[Date "2013.09.19"]
[Round "7"]
[White "Oelrichs, Manfred"]
[Black "Hitzker, Johann"]
[Result "1-0"]
[WhiteElo "1663"]
[BlackElo "1747"]
[PlyCount "73"]
[EventDate "2013.08.08"]
[EventType "swiss"]
[EventRounds "7"]
[EventCountry "GER"]
[SourceTitle "EXT 2017"]
[Source "ChessBase"]
[SourceDate "2016.10.25"]
[SourceVersion "1"]
[SourceVersionDate "2016.10.25"]
[SourceQuality "1"]

1. Nf3 Nc6 2. c4 d6 3. g3 Bg4 4. Bg2 Nf6 5. d4 e6 6. Nc3 Be7 7. d5 Bxf3 8. Bxf3 Ne5 9. Bg2 0-0 10. dxe6 fxe6 11. b3 c6 12. 0-0 Kh8 13. Bh3 Qd7 14. f4 Ng6 15. Qc2 Ng8 16. Bb2 Bf6 17. Rad1 Rae8 18. Ba3 c5 19. Bxc5 Be7 20. Ne4 d5 21. Bxe7 Qxe7 22. Ng5 Qc5+ 23. Kh1 dxc4 24. Qxc4 Qxc4 25. bxc4 e5 26. f5 N6e7 27. Rd7 h6 28. Ne6 Rf6 29. Rxb7 Nxf5 30. Rxf5 Rexe6 31. Rxf6 Rxf6 32. Rxa7 Rf2 33. Bg4 Nf6 34. Bf3 e4 35. Kg1 e3 36. Re7 Rxf3 37. exf3 1-0

[Event "Pinneberg-ch"]
[Site "Pinneberg"]
[Date "2013.08.22"]
[Round "3"]
[White "Dangelowski, Peter"]
[Black "Hitzker, Johann"]
[Result "1-0"]
[WhiteElo "1777"]
[BlackElo "1747"]
[PlyCount "73"]
[EventDate "2013.08.08"]
[EventType "swiss"]
[EventRounds "7"]
[EventCountry "GER"]
[SourceTitle "EXT 2017"]
[Source "ChessBase"]
[SourceDate "2016.10.25"]
[SourceVersion "1"]
[SourceVersionDate "2016.10.25"]
[SourceQuality "1"]

1. d4 Nf6 2. Bf4 e6 3. e3 d5 4. Bd3 Bd6 5. Bg3 Nc6 6. Nf3 Bd7 7. c3 a6 8. Nbd2 Ne7 9. Ne5 Ng6 10. 0-0 Be7 11. Re1 Bb5 12. Bc2 Nxe5 13. dxe5 Nd7 14. Qg4 g6 15. h3 Nf8 16. Rad1 Qd7 17. c4 Bc6 18. a3 b6 19. Nb3 h5 20. Qe2 Rd8 21. e4 Qc8 22. Nd4 Qa8 23. exd5 exd5 24. Nxc6 Qxc6 25. cxd5 Qa8 26. d6 Bg5 27. h4 Ne6 28. hxg5 0-0 29. Qe3 Nc5 30. b4 Ne6 31. Bb3 cxd6 32. Bxe6 fxe6 33. exd6 Qc8 34. Rc1 Qd7 35. Rc7 Qb5 36. Qxe6+ Kh8 37. Qe7 1-0

[Event "Hamburg Seniors op 19th"]
[Site "Hamburg"]
[Date "2012.10.27"]
[Round "4"]
[White "Hitzker, Johann"]
[Black "Friederichs, Johann"]
[Result "0-1"]
[WhiteElo "1439"]
[BlackElo "1683"]
[PlyCount "98"]
[EventDate "2012.10.24"]
[EventType "swiss"]
[EventRounds "9"]
[EventCountry "GER"]
[SourceTitle "EXT 2015"]
[Source "ChessBase"]
[SourceDate "2014.11.20"]
[SourceVersion "1"]
[SourceVersionDate "2014.11.20"]
[SourceQuality "1"]

1. e4 c5 2. Nf3 g6 3. Bc4 Bg7 4. c3 a6 5. a3 b5 6. Ba2 Bb7 7. d3 d6 8. Nbd2 Nf6 9. Ng5 e6 10. Bxe6 fxe6 11. Nxe6 Qe7 12. Nxg7+ Qxg7 13. 0-0 Nbd7 14. f3 Nh5 15. Nb3 0-0 16. Be3 Ne5 17. Qd2 Qd7 18. d4 Nc4 19. Qe2 Nxe3 20. Qxe3 c4 21. Nd2 Rae8 22. g3 Qh3 23. Rf2 d5 24. e5 Bc8 25. Rg2 Bf5 26. g4 Nf4 27. Qxf4 Be4 28. Qg3 Qxg3 29. Rxg3 Bd3 30. Re1 Re6 31. Re3 g5 32. Rh3 Kg7 33. Nf1 a5 34. Ng3 Bg6 35. Kf2 b4 36. Nh5+ Bxh5 37. Rxh5 h6 38. cxb4 axb4 39. Kg3 Rb8 40. axb4 Rxb4 41. Ra3 Rb5 42. h4 gxh4+ 43. Rxh4 Rxb2 44. Ra7+ Kg6 45. Rc7 Rd2 46. f4 Rd3+ 47. Kf2 Ra6 48. Rh2 Ra2+ 49. Kg1 Rd1# 0-1

[Event "Pinneberg op Seniors 13th"]
[Site "Pinneberg"]
[Date "2012.06.28"]
[Round "2"]
[White "Lubisch, Gerwalt"]
[Black "Hitzker, Johann"]
[Result "1/2-1/2"]
[WhiteElo "1271"]
[BlackElo "1491"]
[PlyCount "57"]
[EventDate "2012.06.21"]
[EventType "swiss"]
[EventRounds "7"]
[EventCountry "GER"]
[SourceTitle "EXT 2013"]
[Source "ChessBase"]
[SourceDate "2012.11.22"]
[SourceVersion "1"]
[SourceVersionDate "2012.11.22"]
[SourceQuality "1"]

1. d4 c6 2. Nf3 d5 3. e3 Bg4 4. c4 Nf6 5. cxd5 Nxd5 6. e4 Nc7 7. Be2 Bxf3 8. Bxf3 e5 9. d5 Bd6 10. Nc3 Nd7 11. Be3 c5 12. 0-0 a6 13. Ne2 0-0 14. Ng3 Nb5 15. Nf5 Nf6 16. Nxd6 Qxd6 17. Qc2 Nd4 18. Qd1 Kh8 19. Rc1 Rac8 20. Bxd4 cxd4 21. Qb3 b5 22. Rc2 Rxc2 23. Qxc2 g5 24. h3 h5 25. Qc6 Qxc6 26. dxc6 Rc8 27. Rc1 g4 28. hxg4 hxg4 29. Be2 1/2-1/2

[Event "Hamburg-ch Seniors 18th"]
[Site "Hamburg"]
[Date "2011.11.03"]
[Round "6"]
[White "Hitzker, Johann"]
[Black "Gette, Viktor"]
[Result "1/2-1/2"]
[WhiteElo "1458"]
[BlackElo "1761"]
[PlyCount "120"]
[EventDate "2011.10.29"]
[EventType "swiss"]
[EventRounds "9"]
[EventCountry "GER"]
[SourceTitle "EXT 2015"]
[Source "ChessBase"]
[SourceDate "2014.11.20"]
[SourceVersion "1"]
[SourceVersionDate "2014.11.20"]
[SourceQuality "1"]

1. e4 e6 2. d4 d5 3. exd5 exd5 4. Nc3 c6 5. Nf3 Bd6 6. g3 Bg4 7. Be2 Nf6 8. Be3 0-0 9. Qd2 Ne4 10. Nxe4 dxe4 11. Ng5 Bxe2 12. Qxe2 Qe7 13. h4 Nd7 14. Qg4 Nf6 15. Qe2 Nd5 16. 0-0-0 h6 17. Qh5 f5 18. Nh3 Nxe3 19. fxe3 Bxg3 20. Rdg1 f4 21. Nxf4 Bxf4 22. exf4 Rf6 23. Rg6 Rxg6 24. Qxg6 Rf8 25. f5 Qf6 26. Rg1 Qxg6 27. fxg6 Rf4 28. h5 Kf8 29. Kd1 Ke7 30. Ke2 Kf6 31. Rg2 Kf5 32. c4 Rf3 33. Rf2 Kg4 34. Rxf3 exf3+ 35. Kf2 Kxh5 36. Kxf3 Kxg6 37. Kg4 Kf6 38. Kh5 g5 39. b4 Kf5 40. a4 Ke4 41. d5 cxd5 42. c5 Ke5 43. b5 Ke6 44. a5 Kd7 45. Kg4 Kc7 46. Kf5 d4 47. Ke4 b6 48. cxb6+ axb6 49. a6 h5 50. Kxd4 h4 51. Ke3 g4 52. Kf2 Kb8 53. Kg1 g3 54. Kg2 Ka7 55. Kh1 Ka8 56. Kg2 Ka7 57. Kh1 Ka8 58. Kg2 Ka7 59. Kh1 Ka8 60. Kg2 Ka7 1/2-1/2

[Event "Pinneberg-ch"]
[Site "Pinneberg"]
[Date "2011.08.25"]
[Round "2"]
[White "Hitzker, Johann"]
[Black "Law, Robert"]
[Result "1/2-1/2"]
[WhiteElo "1538"]
[BlackElo "1729"]
[PlyCount "28"]
[EventDate "2011.08.18"]
[EventType "swiss"]
[EventRounds "7"]
[EventCountry "GER"]
[SourceTitle "CBM 144 Extra"]
[Source "ChessBase"]
[SourceDate "2011.10.28"]
[SourceVersion "1"]
[SourceVersionDate "2011.10.28"]
[SourceQuality "1"]

1. e4 c5 2. Nf3 Nf6 3. Nc3 d5 4. exd5 Nxd5 5. Nxd5 Qxd5 6. d4 cxd4 7. Qxd4 Qxd4 8. Nxd4 e5 9. Nb5 Na6 10. Be3 b6 11. 0-0-0 Be7 12. Nd6+ Bxd6 13. Rxd6 0-0 14. Bb5 Nc7 1/2-1/2

[Event "Pinneberg op Seniors 12th"]
[Site "Pinneberg"]
[Date "2011.07.14"]
[Round "5"]
[White "Hitzker, Johann"]
[Black "Assmus, Edgar"]
[Result "0-1"]
[WhiteElo "1533"]
[BlackElo "1655"]
[PlyCount "45"]
[EventDate "2011.06.16"]
[EventType "swiss"]
[EventRounds "7"]
[EventCountry "GER"]
[SourceTitle "EXT 2012"]
[Source "ChessBase"]
[SourceDate "2011.11.24"]
[SourceVersion "1"]
[SourceVersionDate "2011.11.24"]
[SourceQuality "1"]

1. e4 e6 2. Nf3 d5 3. e5 c5 4. c3 Nc6 5. d4 Qb6 6. b3 cxd4 7. Bb2 Bd7 8. cxd4 f6 9. Ba3 Bxa3 10. Nxa3 Qb4+ 11. Qd2 Qxa3 12. Bb5 Qb4 13. Qxb4 Nxb4 14. Bxd7+ Kxd7 15. Kd2 Ne7 16. Rhc1 Rhc8 17. a3 Rxc1 18. Rxc1 Nbc6 19. Kd3 b6 20. g4 fxe5 21. dxe5 Ng6 22. Re1 Rf8 23. Re3 0-1

[Event "Pinneberg op Seniors 12th"]
[Site "Pinneberg"]
[Date "2011.06.30"]
[Round "4"]
[White "Klawitter, Bernd"]
[Black "Hitzker, Johann"]
[Result "0-1"]
[WhiteElo "1471"]
[BlackElo "1533"]
[PlyCount "75"]
[EventDate "2011.06.16"]
[EventType "swiss"]
[EventRounds "7"]
[EventCountry "GER"]
[SourceTitle "EXT 2012"]
[Source "ChessBase"]
[SourceDate "2011.11.24"]
[SourceVersion "1"]
[SourceVersionDate "2011.11.24"]
[SourceQuality "1"]

1. e4 Nc6 2. Nf3 b6 3. c3 e5 4. Bd3 d6 5. Bc2 Bg4 6. h3 Be6 7. d3 h6 8. Ba4 Bd7 9. 0-0 Nf6 10. Re1 Be7 11. Be3 a6 12. Bb3 Na5 13. Nbd2 Qc8 14. Nf1 Nxb3 15. axb3 g5 16. Ng3 g4 17. Nh4 gxh3 18. Ngf5 Bf8 19. g3 h5 20. Kh2 Ng4+ 21. Kxh3 Be7 22. Kg2 Bxh4 23. Nxh4 Nxe3+ 24. Rxe3 Bh3+ 25. Kh2 Bg4 26. Qh1 Qe6 27. Nf5 Kd7 28. f3 Bxf5 29. exf5 Qxf5 30. Ra4 Qe6 31. Qd1 b5 32. Rh4 c5 33. f4 Kc7 34. fxe5 dxe5 35. d4 Rad8 36. Qc2 Qd6 37. Qf2 Rdf8 38. dxe5 0-1

[Event "Pinneberg-ch"]
[Site "Pinneberg"]
[Date "2010.09.02"]
[Round "2"]
[White "Goettsche, Jens"]
[Black "Hitzker, Johann"]
[Result "1-0"]
[WhiteElo "1908"]
[BlackElo "1422"]
[PlyCount "73"]
[EventDate "2010.08.26"]
[EventType "swiss"]
[EventRounds "7"]
[EventCountry "GER"]
[SourceTitle "EXT 2011"]
[Source "ChessBase"]
[SourceDate "2010.11.26"]
[SourceVersion "1"]
[SourceVersionDate "2010.11.26"]
[SourceQuality "1"]

1. d4 d5 2. c4 e6 3. Nf3 c5 4. e3 Nf6 5. Nc3 Nc6 6. a3 a6 7. dxc5 dxc4 8. Bxc4 Qxd1+ 9. Nxd1 Bxc5 10. b4 Be7 11. Bb2 b5 12. Bd3 h6 13. Ke2 Bb7 14. Rg1 Bd6 15. Rc1 e5 16. e4 Rc8 17. Ne3 g6 18. Rgd1 Ke7 19. h4 Rhg8 20. g4 Rgd8 21. g5 hxg5 22. hxg5 Nh5 23. Nd5+ Ke6 24. Bb1 Nd4+ 25. Bxd4 Rxc1 26. Rxc1 Bxd5 27. exd5+ Kxd5 28. Bc5 Nf4+ 29. Kf1 Nd3 30. Bxd3 Rc8 31. Nd2 Bxc5 32. bxc5 Rxc5 33. Rxc5+ Kxc5 34. Nb3+ Kd6 35. Ke2 Ke6 36. Nc5+ Kd6 37. Nxa6 1-0

[Event "Pinneberg op Seniors 11th"]
[Site "Pinneberg"]
[Date "2010.08.05"]
[Round "7"]
[White "Rakhmanov, Vsevolod"]
[Black "Hitzker, Johann"]
[Result "0-1"]
[WhiteElo "1670"]
[BlackElo "1405"]
[PlyCount "84"]
[EventDate "2010.06.24"]
[EventType "swiss"]
[EventRounds "7"]
[EventCountry "GER"]
[SourceTitle "EXT 2011"]
[Source "ChessBase"]
[SourceDate "2010.11.26"]
[SourceVersion "1"]
[SourceVersionDate "2010.11.26"]
[SourceQuality "1"]

1. e4 e5 2. Nf3 Nc6 3. Bc4 Be7 4. Nc3 Nf6 5. d4 exd4 6. Nxd4 Ne5 7. Bb3 d6 8. 0-0 0-0 9. f4 Ned7 10. Nf5 Nc5 11. Nd5 Bxf5 12. exf5 Nxb3 13. axb3 Nxd5 14. Qxd5 c6 15. Qf3 Bf6 16. c3 Qb6+ 17. Qf2 Qxf2+ 18. Rxf2 b5 19. Ra6 Bd8 20. Be3 Re8 21. Rxa7 Rb8 22. Re2 Bb6 23. Bxb6 Rxe2 24. Bc7 Rbe8 25. Bxd6 Rxb2 26. h3 h5 27. b4 h4 28. Be7 f6 29. Rc7 Re2 30. Bc5 Rc2 31. Bf2 Ree2 32. Bxh4 Rxg2+ 33. Kh1 Rh2+ 34. Kg1 Rxh3 35. Be1 Rc1 36. Re7 Rhxc3 37. Kf2 Rc4 38. Kf3 c5 39. bxc5 Rxc5 40. Kg4 R5c4 41. Re3 b4 42. Bg3 R4c3 0-1

[Event "Pinneberg op Seniors 11th"]
[Site "Pinneberg"]
[Date "2010.07.22"]
[Round "5"]
[White "Berking, Bernhard"]
[Black "Hitzker, Johann"]
[Result "1-0"]
[WhiteElo "1517"]
[BlackElo "1405"]
[PlyCount "121"]
[EventDate "2010.06.24"]
[EventType "swiss"]
[EventRounds "7"]
[EventCountry "GER"]
[SourceTitle "EXT 2011"]
[Source "ChessBase"]
[SourceDate "2010.11.26"]
[SourceVersion "1"]
[SourceVersionDate "2010.11.26"]
[SourceQuality "1"]

1. e4 e5 2. Nf3 d6 3. Bc4 Be7 4. d4 exd4 5. Nxd4 Nf6 6. Nc3 a6 7. a4 Nbd7 8. 0-0 Ne5 9. Bb3 Bg4 10. f3 Bh5 11. Nf5 0-0 12. Nxe7+ Qxe7 13. Bg5 c6 14. Qd2 b5 15. axb5 axb5 16. Rad1 Rfd8 17. Ne2 Nc4 18. Bxc4 bxc4 19. Qc3 h6 20. Bxf6 gxf6 21. Qxc4 d5 22. Qxc6 Rac8 23. Qa4 Qc5+ 24. Kh1 Qxc2 25. Qxc2 Rxc2 26. Nf4 Bg6 27. Nxd5 Kg7 28. b4 Ra8 29. Ra1 Rxa1 30. Rxa1 Rb2 31. h4 f5 32. h5 Bxh5 33. exf5 Rd2 34. Nf4 Bxf3 35. gxf3 Rd4 36. Nh5+ Kh7 37. Kg2 Rxb4 38. Ra7 Kg8 39. Nf6+ Kg7 40. Ng4 Rf4 41. Ne3 Rd4 42. Kg3 h5 43. Ng2 Kf6 44. f4 Rd2 45. Ra5 Re2 46. Kf3 Rb2 47. Ra6+ Kg7 48. f6+ Kh6 49. Nh4 Rb3+ 50. Kf2 Rb4 51. Nf5+ Kg6 52. Ne7+ Kh7 53. Kg3 Rb3+ 54. Kh4 Rf3 55. f5 Rf1 56. Kxh5 Rg1 57. Ra4 Rh1+ 58. Kg4 Rh6 59. Kg5 Rh1 60. Rh4+ Rxh4 61. Kxh4 1-0

[Event "Pinneberg-ch"]
[Site "Pinneberg"]
[Date "2009.10.01"]
[Round "6"]
[White "Hitzker, Johann"]
[Black "Metzner, Arne"]
[Result "1-0"]
[WhiteElo "1434"]
[BlackElo "1553"]
[PlyCount "55"]
[EventDate "2009.08.27"]
[EventType "swiss"]
[EventRounds "7"]
[EventCountry "GER"]
[SourceTitle "EXT 2012"]
[Source "ChessBase"]
[SourceDate "2011.11.24"]
[SourceVersion "1"]
[SourceVersionDate "2011.11.24"]
[SourceQuality "1"]

1. e4 e5 2. f4 exf4 3. Nf3 d6 4. Bc4 Bg4 5. 0-0 Nf6 6. d3 Be7 7. e5 dxe5 8. Bxf7+ Kf8 9. Bb3 Bc5+ 10. Kh1 Nc6 11. Qe1 Bxf3 12. Rxf3 Qe7 13. Nc3 Nd4 14. Rf1 Nxb3 15. axb3 Kf7 16. Ne4 h6 17. Nxc5 Qxc5 18. Ra5 b5 19. b4 Qd6 20. Rxb5 Rhe8 21. h3 Kg8 22. Bd2 Re7 23. Qf2 Nh5 24. Re1 g5 25. Kh2 a6 26. Rc5 Re6 27. Qf3 Nf6 28. Qxa8+ 1-0

[Event "Pinneberg-ch"]
[Site "Pinneberg"]
[Date "2009.09.18"]
[Round "4"]
[White "Hitzker, Johann"]
[Black "Domeyer, Robert Thomas"]
[Result "0-1"]
[WhiteElo "1434"]
[BlackElo "997"]
[PlyCount "84"]
[EventDate "2009.08.27"]
[EventType "swiss"]
[EventRounds "7"]
[EventCountry "GER"]
[SourceTitle "EXT 2012"]
[Source "ChessBase"]
[SourceDate "2011.11.24"]
[SourceVersion "1"]
[SourceVersionDate "2011.11.24"]
[SourceQuality "1"]

1. e4 e5 2. f4 d6 3. Nf3 Nc6 4. Bc4 Be7 5. 0-0 Nf6 6. d3 0-0 7. h3 b6 8. a3 Bb7 9. c3 Re8 10. f5 d5 11. exd5 Nxd5 12. b4 Nf4 13. Kh2 a6 14. Qc2 b5 15. Bxf4 exf4 16. Bb3 Bf6 17. d4 Re3 18. Nbd2 Re2 19. Rae1 Re3 20. Ne4 Na7 21. Rxe3 fxe3 22. Nxf6+ Qxf6 23. Ne5 Qd6 24. Bxf7+ Kf8 25. Kg1 Nc6 26. f6 Nxe5 27. fxg7+ Kxg7 28. dxe5 Qxe5 29. Bb3 Rf8 30. Rxf8 Kxf8 31. Qxh7 Qf6 32. Qc2 Ke8 33. Bg8 Qf8 34. Bh7 Qf4 35. Qg6+ Kd8 36. Qd3+ Ke7 37. Qe2 Bd5 38. Bd3 Kd6 39. Qf1 Qe5 40. Qf8+ Kc6 41. Qa8+ Kb6 42. a4 Bxa8 0-1